| 000 | 01121nam a22003257a 4500 | ||
|---|---|---|---|
| 003 | CHAP | ||
| 005 | 20220329143535.0 | ||
| 008 | 100427s2004 us2a r 00010 eng d | ||
| 010 | _a98261 | ||
| 011 | _a99233 | ||
| 020 | _a9289482672 | ||
| 035 | _a109918 | ||
| 040 | _cCHAP | ||
| 082 | 1 | 0 |
_a371.425 _bOc19 |
| 110 | 1 |
_aOrganización para la Cooperación y el Desarrollo Económicos. París _983559 |
|
| 245 | 1 | 0 |
_aOrientación profesional: _bguía para responsables políticos _c/por Organización para la Cooperación y el Desarrollo Económicos |
| 260 |
_aParís : _bOCDE, _c2004 |
||
| 300 |
_a84 p. : _bilus. |
||
| 590 |
_aBATCH-UPD _b10 _c20130110 _lUCH01 _h1000 |
||
| 590 |
_aBATCH-UPD _b10 _c20130410 _lUCH01 _h0612 |
||
| 590 |
_aBATCH-UPD _b10 _c20130914 _lUCH01 _h1247 |
||
| 590 |
_aCONVERSION _b10 _c20130109 _lUCH01 _h1354 |
||
| 650 | 1 | 4 |
_aEducación vocacional. _935686 |
| 650 | 1 | 4 |
_aOrientación vocacional. _983575 |
| 650 | 1 | 4 |
_aPolítica educativa. _990539 |
| 901 | _aBK | ||
| 911 | _aen proceso | ||
| 942 | _cLIBRO | ||
| 949 |
_a371.425 Oc19 _bBC _cLIBRO _d33724002167736 _eLIBRO _gDonaciØn _h112406 _i109918 _si |
||
| 999 |
_c98261 _d98261 |
||